书目信息 |
| 题名: |
雷电防护基础
|
|
| 作者: | 林刚 编著 | |
| 分册: | ||
| 出版信息: | 北京 科学出版社 2016.03 |
|
| 页数: | 295页 | |
| 开本: | 26cm | |
| 丛书名: | 气象探测技术丛书 | |
| 单 册: | ||
| 中图分类: | P427.32 | |
| 科图分类: | ||
| 主题词: | 防雷--基本知识 | |
| 电子资源: | ||
| ISBN: | 978-7-03-047999-0 | |
| 000 | 00876oam2 2200253 450 | |
| 001 | 4378 | |
| 005 | 20181011111236.20 | |
| 010 | @a978-7-03-047999-0@dCNY68.00 | |
| 100 | @a20160608d2016 em y0chiy50 ea | |
| 101 | 0 | @achi |
| 102 | @aCN@b110000 | |
| 105 | @aa z 000yy | |
| 200 | 1 | @a雷电防护基础@9lei dian fang hu ji chu@b专著@f林刚[等]编著 |
| 210 | @a北京@c科学出版社@d2016.03 | |
| 215 | @a295页@c图@d26cm | |
| 225 | 2 | @a气象探测技术丛书 |
| 304 | @a编著者还有:郭在华、佘会莲、张晓春 | |
| 330 | @a本书分为雷电基础知识和雷电防护技术两大部分,共分为11章。其中包括晴天大气电环境概况、雷暴及其起电机制、闪电、雷电危害简析、雷电防护的基本原则与分类、接闪与保护范围等内容。 | |
| 461 | 0 | @12001 @a气象探测技术丛书 |
| 606 | 0 | @a防雷@x基本知识 |
| 690 | @aP427.32@v5 | |
| 701 | 0 | @a林刚@9lin gang@4编著 |
| 801 | 0 | @aCN@b91MARC@c20160705 |
| 905 | @aMuseLib@dP427.32@e125 | |
| 雷电防护基础/林刚[等]编著.-北京:科学出版社,2016.03 |
| 295页:图;26cm.-(气象探测技术丛书) |
| ISBN 978-7-03-047999-0:CNY68.00 |
| 本书分为雷电基础知识和雷电防护技术两大部分,共分为11章。其中包括晴天大气电环境概况、雷暴及其起电机制、闪电、雷电危害简析、雷电防护的基本原则与分类、接闪与保护范围等内容。 |
| ● |
| 相关链接 |
|
|
|
|
正题名:雷电防护基础
索取号:P427.32/125
 
预约/预借
| 序号 | 登录号 | 条形码 | 馆藏地/架位号 | 状态 | 备注 |
| 1 | 1124873 | 211248737 | 第二样本阅览室/ [索取号:P427.32/125] | 在馆 | |
| 2 | 1124874 | 211248746 | 第三借阅区/ [索取号:P427.32/125] | 在馆 | |
| 3 | 1124875 | 211248755 | 第三借阅区/ [索取号:P427.32/125] | 在馆 | |
| 4 | 1124876 | 211248764 | 密集书库-生命科学系/ [索取号:P427.32/125] | 在馆 |